[Event "RUS-ch Higher League (Women) 65th"]
[Site "Tiumen"]
[Date "2012.06.23"]
[Round "7"]
[White "Butuc, Maria"]
[Black "Zaiatz, Elena"]
[Result "0-1"]
[WhiteElo "2201"]
[BlackElo "2446"]
[PlyCount "114"]
[EventDate "2012.06.16"]
[EventType "swiss"]
[EventRounds "11"]
[EventCountry "RUS"]
[SourceTitle "CBM 149 Extra"]
[Source "ChessBase"]
[SourceDate "2012.08.24"]
[SourceVersion "1"]
[SourceVersionDate "2012.08.24"]
[SourceQuality "1"]

1. Nf3 d5 2. d4 Nf6 3. c4 e6 4. e3 a6 5. b3 c5 6. Bd3 Nc6 7. Bb2 cxd4 8. exd4 g6 9. 0-0 Bg7 10. Nbd2 0-0 11. Qe2 Nh5 12. Qe3 dxc4 13. bxc4 b5 14. Ne5 Ne7 15. Ba3 Bb7 16. Be4 Bxe4 17. Bxe7 Qxe7 18. Nxe4 bxc4 19. Nxc4 Nf6 20. Nxf6+ Bxf6 21. Ne5 Rac8 22. Qe2 Qd6 23. Rfd1 Rc7 24. Rab1 Rfc8 25. Rb2 Rc1 26. Rbd2 Qd5 27. h3 h5 28. f4 Kg7 29. Kh2 a5 30. Rxc1 Rxc1 31. Qd3 Be7 32. Rb2 Bb4 33. Re2 Rc3 34. Qd1 Bd6 35. Qa4 Bxe5 36. Rxe5 Rc4 37. Qxa5 Qxd4 38. Qe1 Qxf4+ 39. Qg3 Qxg3+ 40. Kxg3 Rc3+ 41. Kh2 Rc2 42. Ra5 h4 43. Ra8 Kf6 44. a4 Ra2 45. a5 Kf5 46. a6 g5 47. Ra7 f6 48. Ra8 e5 49. a7 e4 50. Kg1 Kf4 51. Rf8 Rxa7 52. Rxf6+ Kg3 53. Kf1 Ra1+ 54. Ke2 Ra2+ 55. Ke3 Rxg2 56. Rg6 Kxh3 57. Kxe4 g4 0-1

[Event "RUS-ch Higher League (Women) 65th"]
[Site "Tiumen"]
[Date "2012.06.19"]
[Round "4"]
[White "Sazonova, Elena"]
[Black "Butuc, Maria"]
[Result "1/2-1/2"]
[WhiteElo "2159"]
[BlackElo "2201"]
[PlyCount "127"]
[EventDate "2012.06.16"]
[EventType "swiss"]
[EventRounds "11"]
[EventCountry "RUS"]
[SourceTitle "CBM 149 Extra"]
[Source "ChessBase"]
[SourceDate "2012.08.24"]
[SourceVersion "1"]
[SourceVersionDate "2012.08.24"]
[SourceQuality "1"]

1. e4 e6 2. Nf3 d5 3. Nc3 Nf6 4. e5 Nfd7 5. d4 c5 6. dxc5 Nc6 7. Bf4 Bxc5 8. Bd3 f6 9. exf6 Nxf6 10. 0-0 0-0 11. Ne5 Bd7 12. Qe2 Qe7 13. Rae1 Rae8 14. Bg3 a6 15. a3 Bd4 16. Nxc6 Bxc6 17. Be5 Bxe5 18. Qxe5 Qf7 19. f4 Nd7 20. Qd4 Qf6 21. Ne2 e5 22. fxe5 Qxe5 23. Qh4 Rxf1+ 24. Rxf1 Nf6 25. Qd4 Bd7 26. Qxe5 Rxe5 27. Nd4 Ng4 28. h3 Ne3 29. Rf4 Rg5 30. g4 Re5 31. Nf3 Re7 32. b3 g6 33. Kh2 Nxc2 34. Bxc2 Re2+ 35. Kg3 Rxc2 36. Ne5 Rc3+ 37. Kh4 Be8 38. g5 Rxb3 39. Ng4 Kg7 40. Rf6 Bd7 41. Rd6 Bxg4 42. Kxg4 h5+ 43. Kh4 Kf7 44. Rf6+ Ke7 45. Rxg6 d4 46. Rf6 d3 47. Rf2 Rb6 48. Kxh5 Rd6 49. Rd2 Kf7 50. h4 Rd4 51. g6+ Kf6 52. g7 Kxg7 53. Kg5 b5 54. Kf5 Rxh4 55. Rxd3 Ra4 56. Ke6 a5 57. Rb3 b4 58. axb4 Rxb4 59. Ra3 a4 60. Kd5 Kf6 61. Kc5 Rh4 62. Kb5 Ke5 63. Rxa4 Rxa4 64. Kxa4 1/2-1/2

[Event "RUS-ch Higher League (Women) 65th"]
[Site "Tiumen"]
[Date "2012.06.16"]
[Round "1"]
[White "Butuc, Maria"]
[Black "Ovod, Evgenija"]
[Result "0-1"]
[WhiteElo "2201"]
[BlackElo "2410"]
[PlyCount "120"]
[EventDate "2012.06.16"]
[EventType "swiss"]
[EventRounds "11"]
[EventCountry "RUS"]
[SourceTitle "CBM 149 Extra"]
[Source "ChessBase"]
[SourceDate "2012.08.24"]
[SourceVersion "1"]
[SourceVersionDate "2012.08.24"]
[SourceQuality "1"]

1. Nf3 Nf6 2. c4 c5 3. Nc3 e6 4. e4 Nc6 5. Be2 b6 6. 0-0 Bb7 7. d4 cxd4 8. Nxd4 Qb8 9. Be3 Bd6 10. f4 Nxd4 11. Qxd4 e5 12. Qd2 Nxe4 13. Nxe4 Bxe4 14. Rad1 exf4 15. Bxf4 Bc5+ 16. Kh1 Qb7 17. Bf3 f5 18. Bxe4 fxe4 19. Bg5 h6 20. Bh4 g5 21. Bg3 0-0-0 22. b4 e3 23. Qe2 Bxb4 24. Qxe3 Bc5 25. Qe5 Rhf8 26. Rxf8 Rxf8 27. Qg7 Qc6 28. Qe5 Kb7 29. Qg7 Ka6 30. h4 gxh4 31. Bxh4 Rf4 32. Bg3 Rxc4 33. Rxd7 Rc1+ 34. Kh2 Bg1+ 35. Kh3 Qe6+ 36. Qg4 Qxg4+ 37. Kxg4 Rc2 38. Kf3 Rxa2 39. Bf4 h5 40. Rh7 Ra3+ 41. Ke4 Ra4+ 42. Kf3 Ra5 43. Bb8 Rf5+ 44. Ke4 Rg5 45. Rxa7+ Kb5 46. g3 Kc4 47. Be5 b5 48. Rd7 b4 49. Rd1 Bc5 50. Rc1+ Kb5 51. Rb1 Bf8 52. Bf4 Rc5 53. Kd3 Rc3+ 54. Kd2 Kc4 55. Ke2 Rc2+ 56. Kd1 b3 57. Be5 Bb4 58. Ra1 Rd2+ 59. Kc1 Re2 60. Bf6 Re1+ 0-1

[Event "St Petersburg-ch (Women)"]
[Site "St Petersburg"]
[Date "2012.03.21"]
[Round "5"]
[White "Butuc, Maria"]
[Black "Balaian, Alina"]
[Result "1-0"]
[WhiteElo "2160"]
[BlackElo "2203"]
[PlyCount "125"]
[EventDate "2012.03.17"]
[EventType "tourn"]
[EventRounds "9"]
[EventCountry "RUS"]
[SourceTitle "CBM 147 Extra"]
[Source "ChessBase"]
[SourceDate "2012.04.24"]
[SourceVersion "1"]
[SourceVersionDate "2012.04.24"]
[SourceQuality "1"]

1. d4 Nf6 2. Nf3 c5 3. d5 d6 4. Nc3 Na6 5. e4 Nc7 6. a4 g6 7. Bc4 Bg7 8. 0-0 0-0 9. Qe2 Bg4 10. h3 Bxf3 11. Qxf3 Nd7 12. Qg3 b6 13. h4 a6 14. h5 Rb8 15. h6 Bh8 16. Bg5 b5 17. axb5 axb5 18. Be2 b4 19. Nd1 Rb7 20. Ra2 Bf6 21. b3 e6 22. Bf4 Ne5 23. Ne3 exd5 24. exd5 Qd7 25. Ng4 Bh8 26. Nxe5 dxe5 27. Bxe5 Nxd5 28. Bc4 Nc3 29. Ra6 Qf5 30. Bxh8 Kxh8 31. Re1 Rd7 32. Rd6 Rxd6 33. Qxd6 Kg8 34. Qe5 Qxe5 35. Rxe5 Rc8 36. Re7 Kh8 37. Bxf7 Nb5 38. Bd5 Nd4 39. Be4 Rf8 40. Re5 Rc8 41. g4 Kg8 42. Re7 Nb5 43. Bd5+ Kh8 44. Kg2 Nd4 45. Be4 Rd8 46. f3 Kg8 47. Kg3 Nb5 48. Rb7 Nc3 49. Bd3 Nd1 50. Rc7 Nb2 51. Be4 Nd1 52. Rxc5 Rd7 53. Rc4 Kf7 54. Rxb4 Ke6 55. f4 Nc3 56. Rb6+ Kf7 57. Bd3 Rc7 58. f5 g5 59. Bc4+ Ke8 60. Kf3 Re7 61. f6 Rc7 62. Rb8+ Kd7 63. f7 1-0

[Event "Moscow op (Women)"]
[Site "Moscow"]
[Date "2012.02.04"]
[Round "8"]
[White "Butuc, Maria"]
[Black "Kutueva, Natalia"]
[Result "1-0"]
[WhiteElo "2182"]
[BlackElo "1959"]
[PlyCount "41"]
[EventDate "2012.01.28"]
[EventType "swiss"]
[EventRounds "9"]
[EventCountry "RUS"]
[SourceTitle "CBM 146 Extra"]
[Source "ChessBase"]
[SourceDate "2012.02.29"]
[SourceVersion "1"]
[SourceVersionDate "2012.02.29"]
[SourceQuality "1"]

1. e4 c6 2. d4 d5 3. e5 Bf5 4. Nd2 e6 5. Nb3 Nd7 6. Nf3 Ne7 7. Be2 c5 8. Nxc5 Nxc5 9. dxc5 Qa5+ 10. c3 Qxc5 11. Be3 Qc7 12. Nd4 Qxe5 13. Qa4+ Kd8 14. 0-0 Nc8 15. Nxf5 Qxf5 16. c4 Bd6 17. cxd5 Qxd5 18. Rfd1 Qc6 19. Bb5 Qc7 20. Rac1 Qe7 21. Bc5 1-0

[Event "Moscow op (Women)"]
[Site "Moscow"]
[Date "2012.02.01"]
[Round "5"]
[White "Zherebtsova, Alexandra"]
[Black "Butuc, Maria"]
[Result "1/2-1/2"]
[WhiteElo "2041"]
[BlackElo "2182"]
[PlyCount "53"]
[EventDate "2012.01.28"]
[EventType "swiss"]
[EventRounds "9"]
[EventCountry "RUS"]
[SourceTitle "CBM 146 Extra"]
[Source "ChessBase"]
[SourceDate "2012.02.29"]
[SourceVersion "1"]
[SourceVersionDate "2012.02.29"]
[SourceQuality "1"]

1. Nf3 d5 2. g3 Nf6 3. Bg2 Bf5 4. d3 e6 5. 0-0 h6 6. c4 c6 7. Qb3 Qb6 8. Qc2 Nbd7 9. b3 Be7 10. Bb2 0-0 11. Nc3 dxc4 12. bxc4 e5 13. Na4 Qc7 14. Qc3 Bg4 15. Rfe1 Bxf3 16. Bxf3 Rfe8 17. Rac1 Bf8 18. Bg2 g6 19. e3 Bg7 20. Qb3 Rad8 21. c5 Nf8 22. Ba3 e4 23. d4 Nd5 24. Nb2 b5 25. cxb6 axb6 26. Qc2 Ra8 27. Bf1 1/2-1/2

[Event "Moscow op (Women)"]
[Site "Moscow"]
[Date "2012.01.30"]
[Round "3"]
[White "Martynyuk, Elizaveta"]
[Black "Butuc, Maria"]
[Result "0-1"]
[WhiteElo "1857"]
[BlackElo "2182"]
[PlyCount "116"]
[EventDate "2012.01.28"]
[EventType "swiss"]
[EventRounds "9"]
[EventCountry "RUS"]
[SourceTitle "CBM 146 Extra"]
[Source "ChessBase"]
[SourceDate "2012.02.29"]
[SourceVersion "1"]
[SourceVersionDate "2012.02.29"]
[SourceQuality "1"]

1. e4 e6 2. d4 d5 3. Nc3 Nf6 4. Bg5 Bb4 5. exd5 Qxd5 6. Bxf6 gxf6 7. Nf3 c5 8. Bb5+ Bd7 9. 0-0 Bxc3 10. Bxd7+ Nxd7 11. bxc3 Rd8 12. Qe2 0-0 13. c4 Qh5 14. Rab1 b6 15. Rfd1 cxd4 16. Rxd4 Ne5 17. Rf4 Ng6 18. Re4 f5 19. Rd4 Rxd4 20. Nxd4 Qxe2 21. Nxe2 Rc8 22. Rd1 Rxc4 23. c3 Ra4 24. Rd2 Kg7 25. f3 f4 26. Kf2 h5 27. Nd4 Ne5 28. g3 Nc4 29. Re2 Ne3 30. Ke1 Nd5 31. Re4 Rxa2 32. c4 Nb4 33. gxf4 Rxh2 34. f5 e5 35. Nb5 Nd3+ 36. Kf1 Rf2+ 37. Kg1 Rxf3 38. Nxa7 Rxf5 39. Nc8 Rg5+ 40. Kf1 f5 41. Re3 e4 42. Nxb6 Kf6 43. Nd7+ Ke6 44. Nb6 Ke5 45. Nd5 f4 46. Rh3 f3 47. Ne3 Kd4 48. Rg3 Ra5 49. Nc2+ Kc3 50. Kg1 f2+ 51. Kg2 Kxc2 52. Re3 Rg5+ 53. Rg3 Rxg3+ 54. Kxg3 f1Q 55. Kh4 Qf5 56. Kg3 Qf3+ 57. Kh2 Nf4 58. Kg1 Qg2# 0-1

[Event "Chigorin Memorial 19th"]
[Site "St Petersburg"]
[Date "2011.10.18"]
[Round "5"]
[White "Butuc, Maria"]
[Black "Shchukin, Dmitry"]
[Result "0-1"]
[WhiteElo "2183"]
[BlackElo "2344"]
[PlyCount "102"]
[EventDate "2011.10.14"]
[EventType "swiss"]
[EventRounds "9"]
[EventCountry "RUS"]
[SourceTitle "CBM 144 Extra"]
[Source "ChessBase"]
[SourceDate "2011.10.28"]
[SourceVersion "1"]
[SourceVersionDate "2011.10.28"]
[SourceQuality "1"]

1. Nf3 Nf6 2. c4 g6 3. Nc3 Bg7 4. g3 0-0 5. Bg2 d6 6. d4 Nbd7 7. 0-0 e5 8. h3 a6 9. Re1 c6 10. e4 b5 11. dxe5 Nxe5 12. Nxe5 dxe5 13. Be3 Be6 14. Bc5 Qxd1 15. Rexd1 Rfc8 16. cxb5 axb5 17. Bd6 Nd7 18. Bf1 Bf8 19. a3 Bxd6 20. Rxd6 b4 21. Nd1 Nc5 22. Rc1 bxa3 23. bxa3 Nxe4 24. Rdxc6 Rxc6 25. Rxc6 Rxa3 26. Bg2 Ra1 27. Bxe4 Rxd1+ 28. Kh2 Re1 29. Bg2 Re2 30. Kg1 Kg7 31. Ra6 g5 32. Ra4 Rd2 33. Ra5 Kf6 34. Be4 h5 35. Kg2 Rd4 36. Bf3 h4 37. Ra6 hxg3 38. Kxg3 Rd3 39. Kg2 Ke7 40. Ra7+ Kf8 41. Bg4 Bd5+ 42. Kh2 Kg7 43. Rd7 Kg6 44. Rd6+ Kg7 45. Bf5 Rd4 46. Kg3 Be6 47. Rxd4 exd4 48. Bd3 Kf6 49. Bf1 Ke5 50. f3 Bf5 51. Be2 Bc2 0-1

[Event "St Petersburg Rudenko Memorial (Women)"]
[Site "St Petersburg"]
[Date "2011.08.29"]
[Round "7"]
[White "Kostitsina, Liubov"]
[Black "Butuc, Maria"]
[Result "0-1"]
[WhiteElo "2017"]
[BlackElo "2172"]
[PlyCount "40"]
[EventDate "2011.08.23"]
[EventType "swiss"]
[EventRounds "9"]
[EventCountry "RUS"]
[SourceTitle "CBM 144 Extra"]
[Source "ChessBase"]
[SourceDate "2011.10.28"]
[SourceVersion "1"]
[SourceVersionDate "2011.10.28"]
[SourceQuality "1"]

1. e4 e6 2. d4 d5 3. Nd2 Be7 4. Bd3 c5 5. dxc5 Nf6 6. Qe2 0-0 7. Ngf3 a5 8. c3 Na6 9. e5 Nd7 10. h4 h6 11. Nf1 Naxc5 12. g4 Nxd3+ 13. Qxd3 Qc7 14. Bf4 b6 15. Qe3 Ba6 16. Ng3 Nc5 17. Rd1 Ne4 18. Nh5 Qc4 19. Nd4 Bxh4 20. Rxh4 Qf1# 0-1

[Event "St Petersburg Rudenko Memorial (Women)"]
[Site "St Petersburg"]
[Date "2011.08.23"]
[Round "1"]
[White "Kiseleva, Arina"]
[Black "Butuc, Maria"]
[Result "0-1"]
[WhiteElo "1846"]
[BlackElo "2172"]
[PlyCount "58"]
[EventDate "2011.08.23"]
[EventType "swiss"]
[EventRounds "9"]
[EventCountry "RUS"]
[SourceTitle "CBM 144 Extra"]
[Source "ChessBase"]
[SourceDate "2011.10.28"]
[SourceVersion "1"]
[SourceVersionDate "2011.10.28"]
[SourceQuality "1"]

1. d4 d5 2. c4 c6 3. Nf3 Nf6 4. Qc2 dxc4 5. Qxc4 Bf5 6. Qb3 Qb6 7. Nbd2 Nbd7 8. e3 e6 9. Bc4 Be7 10. 0-0 0-0 11. Nh4 Qxb3 12. Nxb3 Be4 13. Nf3 Rac8 14. Nbd2 Bg6 15. b3 c5 16. Ba3 Rfe8 17. Rac1 cxd4 18. Bxe7 dxe3 19. Bb4 exd2 20. Bxd2 a6 21. Be2 Ne4 22. Bb4 Bh5 23. h3 Ndf6 24. g4 Nd5 25. Bd3 Bg6 26. Rxc8 Rxc8 27. Ne5 Ng5 28. Nxg6 hxg6 29. Bd2 Nf3+ 0-1

[Event "St Petersburg Botvinnik 100 op"]
[Site "St Petersburg"]
[Date "2011.08.15"]
[Round "4"]
[White "Butuc, Maria"]
[Black "Tugarin, Anton"]
[Result "1-0"]
[WhiteElo "2172"]
[BlackElo "1976"]
[PlyCount "99"]
[EventDate "2011.08.12"]
[EventType "swiss"]
[EventRounds "9"]
[EventCountry "RUS"]
[SourceTitle "CBM 143 Extra"]
[Source "ChessBase"]
[SourceDate "2011.08.29"]
[SourceVersion "1"]
[SourceVersionDate "2011.08.29"]
[SourceQuality "1"]

1. Nf3 f5 2. c4 Nf6 3. d4 e6 4. e3 d5 5. Bd3 c6 6. 0-0 Bd6 7. b3 Qe7 8. Bb2 0-0 9. Qc1 Ne4 10. Ba3 Bxa3 11. Qxa3 Qd8 12. Ne5 Nd7 13. f3 Nxe5 14. dxe5 Ng5 15. Qb2 b6 16. cxd5 exd5 17. Nd2 Bb7 18. b4 Qe7 19. Rab1 Rac8 20. f4 Ne6 21. Nf3 g6 22. Rfc1 Rc7 23. Nd4 a6 24. Nxe6 Qxe6 25. Qd4 b5 26. a4 Rfc8 27. Rc5 Qd7 28. Rbc1 bxa4 29. Ra1 Rb8 30. Rxa4 Bc8 31. Bxa6 Bxa6 32. Rxa6 Qc8 33. Raxc6 Rxc6 34. Qxd5+ Qe6 35. Qxc6 Qxc6 36. Rxc6 Rxb4 37. Kf2 Kf7 38. Rc7+ Kg8 39. h3 h5 40. g4 hxg4 41. hxg4 Rb6 42. Kf3 Ra6 43. Rd7 Ra1 44. gxf5 gxf5 45. Rd6 Rh1 46. Rg6+ Kh7 47. Rg5 Rh3+ 48. Ke2 Rh2+ 49. Kd3 Rh3 50. Rxf5 1-0

[Event "Izmailov Memorial op 15th"]
[Site "Tomsk"]
[Date "2011.06.08"]
[Round "8"]
[White "Dvoirys, Semen I"]
[Black "Butuc, Maria"]
[Result "1-0"]
[WhiteElo "2569"]
[BlackElo "2151"]
[PlyCount "83"]
[EventDate "2011.06.01"]
[EventType "swiss"]
[EventRounds "9"]
[EventCountry "RUS"]
[SourceTitle "EXT 2013"]
[Source "ChessBase"]
[SourceDate "2012.11.22"]
[SourceVersion "1"]
[SourceVersionDate "2012.11.22"]
[SourceQuality "1"]

1. e4 c6 2. Nc3 d5 3. Nf3 Bg4 4. d3 e6 5. Be2 Nf6 6. Ng5 Bxe2 7. Qxe2 h6 8. Nf3 Be7 9. 0-0 0-0 10. Kh1 c5 11. g4 Nc6 12. Rg1 Nh7 13. Ne1 d4 14. Nd1 e5 15. f4 exf4 16. Bxf4 Bg5 17. Bg3 Bh4 18. Bxh4 Qxh4 19. Nf3 Qe7 20. Nf2 Ne5 21. Nxe5 Qxe5 22. Rg3 g6 23. Nh3 Kg7 24. Rf1 Rae8 25. Nf4 c4 26. Qf2 Nf6 27. Rfg1 Nh7 28. Nd5 cxd3 29. cxd3 Rc8 30. Rf1 Rc6 31. Rf3 f6 32. Rf4 Rfc8 33. Qd2 b6 34. Qb4 Rd6 35. R4f2 Rc5 36. Qb3 Rdc6 37. Qa4 a5 38. b4 axb4 39. Qa7+ Kh8 40. Ne7 Nf8 41. Nxc6 Rxc6 42. Qf7 1-0

[Event "Izmailov Memorial op 15th"]
[Site "Tomsk"]
[Date "2011.06.04"]
[Round "4"]
[White "Butuc, Maria"]
[Black "Vokarev, Sergey"]
[Result "1/2-1/2"]
[WhiteElo "2151"]
[BlackElo "2448"]
[PlyCount "137"]
[EventDate "2011.06.01"]
[EventType "swiss"]
[EventRounds "9"]
[EventCountry "RUS"]
[SourceTitle "EXT 2013"]
[Source "ChessBase"]
[SourceDate "2012.11.22"]
[SourceVersion "1"]
[SourceVersionDate "2012.11.22"]
[SourceQuality "1"]

1. Nf3 Nf6 2. c4 g6 3. Nc3 Bg7 4. e4 c5 5. d4 cxd4 6. Nxd4 Nc6 7. Be3 d6 8. Be2 0-0 9. 0-0 Bd7 10. Qd2 Nxd4 11. Bxd4 Bc6 12. f3 Nd7 13. Bxg7 Kxg7 14. Qd4+ Kg8 15. Rfd1 Qb6 16. Qxb6 Nxb6 17. Nd5 Bxd5 18. exd5 Rfc8 19. Rd4 a5 20. b3 Rc7 21. f4 Nd7 22. Re1 h5 23. g3 Kg7 24. Kg2 Nc5 25. h3 Re8 26. Bf1 Kf6 27. g4 hxg4 28. hxg4 g5 29. Kg3 Rh8 30. Bg2 gxf4+ 31. Rxf4+ Kg7 32. Ref1 Rf8 33. Rf5 f6 34. Rh5 Rh8 35. Rxh8 Kxh8 36. Bf3 Kg7 37. Bd1 Nd7 38. Kf4 Rc8 39. Rh1 Rh8 40. Rxh8 Kxh8 41. Kf5 Nc5 42. a3 Kg7 43. Bc2 Kf7 44. b4 axb4 45. axb4 Na6 46. b5 Nc5 47. Bd1 Ke8 48. g5 fxg5 49. Kxg5 Kd7 50. Kf4 Kc7 51. Ke3 Nd7 52. Kd4 Kb6 53. Bg4 Nf6 54. Bc8 Nh5 55. Bg4 Nf4 56. Bc8 Ne2+ 57. Kd3 Nf4+ 58. Kd4 Ng6 59. Bf5 Ne5 60. Bc8 Kc7 61. Bf5 b6 62. Bh3 Kd8 63. Bf1 Ke8 64. Ke4 Kf7 65. Kf5 Nf3 66. Bd3 Nd4+ 67. Ke4 Nb3 68. Kf5 Nc5 69. Be2 1/2-1/2

[Event "St Petersburg-ch (Women)"]
[Site "St Petersburg"]
[Date "2011.02.15"]
[Round "5"]
[White "Ivkina, Olga"]
[Black "Butuc, Maria"]
[Result "1/2-1/2"]
[WhiteElo "2281"]
[BlackElo "2188"]
[PlyCount "23"]
[EventDate "2011.02.11"]
[EventType "swiss"]
[EventRounds "7"]
[EventCountry "RUS"]
[SourceTitle "CBM 141 Extra"]
[Source "ChessBase"]
[SourceDate "2011.05.03"]
[SourceVersion "1"]
[SourceVersionDate "2011.05.03"]
[SourceQuality "1"]

1. e4 c6 2. d4 d5 3. exd5 cxd5 4. Bd3 Nc6 5. c3 Qc7 6. h3 Nf6 7. Ne2 e5 8. dxe5 Nxe5 9. Bc2 Bd6 10. Bg5 Ne4 11. Be3 Nf6 12. Bg5 1/2-1/2

[Event "St Petersburg-ch (Women)"]
[Site "St Petersburg"]
[Date "2011.02.13"]
[Round "3"]
[White "Belenkaya, Dina"]
[Black "Butuc, Maria"]
[Result "1-0"]
[WhiteElo "2092"]
[BlackElo "2188"]
[PlyCount "139"]
[EventDate "2011.02.11"]
[EventType "swiss"]
[EventRounds "7"]
[EventCountry "RUS"]
[SourceTitle "CBM 141 Extra"]
[Source "ChessBase"]
[SourceDate "2011.05.03"]
[SourceVersion "1"]
[SourceVersionDate "2011.05.03"]
[SourceQuality "1"]

1. d4 d5 2. c4 c6 3. Nf3 Nf6 4. Nc3 dxc4 5. a4 Bf5 6. e3 e6 7. Bxc4 Bb4 8. 0-0 Nbd7 9. Qb3 a5 10. Nh4 Bg6 11. g3 Nb6 12. Be2 0-0 13. Nxg6 hxg6 14. Rd1 Qc7 15. e4 e5 16. dxe5 Qxe5 17. Bf4 Qe7 18. Bf3 Nfd7 19. Bg2 Nc5 20. Qc2 Ne6 21. Be3 Nc4 22. Bd4 Nxd4 23. Rxd4 Ne5 24. Rad1 Rfd8 25. h3 Rxd4 26. Rxd4 Rd8 27. Rd1 Qf6 28. f4 Nc4 29. e5 Qe7 30. Ne4 Ne3 31. Rxd8+ Qxd8 32. Qe2 Qd4 33. Kh2 Nxg2 34. Kxg2 Be7 35. b3 b5 36. Qc2 Qd5 37. Kh2 bxa4 38. bxa4 Bb4 39. h4 c5 40. Nd6 Be1 41. Qc4 Qf3 42. Ne4 Qg4 43. Qd3 Qc8 44. Nd6 Qg4 45. Ne4 Qc8 46. Qc4 Qg4 47. Qb5 Qc8 48. Nd6 Qg4 49. Ne4 Qc8 50. Qxc5 Qxc5 51. Nxc5 Kf8 52. Kg2 Ke7 53. Kf3 Bb4 54. Nd3 Ba3 55. Ke4 Ke6 56. h5 gxh5 57. f5+ Kd7 58. Nf4 Be7 59. Nxh5 Bf8 60. Kd5 g6 61. Nf6+ Ke7 62. g4 gxf5 63. gxf5 Bg7 64. Ne4 Kd7 65. Nc5+ Kc7 66. Nb3 Kb6 67. Kd6 Bf8+ 68. Kd7 Bb4 69. e6 fxe6 70. fxe6 1-0

[Event "Moscow op-F (Women)"]
[Site "Moscow"]
[Date "2011.02.06"]
[Round "9"]
[White "Butuc, Maria"]
[Black "Smirnova, Ekaterina"]
[Result "1/2-1/2"]
[WhiteElo "2188"]
[BlackElo "2018"]
[PlyCount "72"]
[EventDate "2011.01.29"]
[EventType "swiss"]
[EventRounds "9"]
[EventCountry "RUS"]
[SourceTitle "CBM 140 Extra"]
[Source "ChessBase"]
[SourceDate "2011.03.01"]
[SourceVersion "1"]
[SourceVersionDate "2011.03.01"]
[SourceQuality "1"]

1. Nf3 c5 2. c4 Nf6 3. Nc3 d5 4. cxd5 Nxd5 5. d4 e6 6. e3 Nc6 7. Bd3 cxd4 8. exd4 Be7 9. 0-0 0-0 10. a3 Nxc3 11. bxc3 b6 12. Qe2 Bb7 13. Qe4 g6 14. Bh6 Re8 15. Qe3 Rc8 16. Rfe1 Bf6 17. Qf4 Bg7 18. Be4 Qf6 19. Qe3 Bxh6 20. Qxh6 Qg7 21. Qf4 Red8 22. Re3 Na5 23. Bxb7 Nxb7 24. Ne5 Nd6 25. Rd3 Nf5 26. Rad1 Qf8 27. g4 Ne7 28. Qd2 Nc6 29. Nxc6 Rxc6 30. Qb2 Qd6 31. Rf3 Qd5 32. Rdd3 e5 33. Rh3 e4 34. Rdg3 Qg5 35. Kg2 Qd5 36. Kg1 Qg5 1/2-1/2

[Event "Mediterranean op-A 4th"]
[Site "Rijeka"]
[Date "2010.11.16"]
[Round "5"]
[White "Fucak, Emilijo"]
[Black "Butuc, Maria"]
[Result "1/2-1/2"]
[WhiteElo "2280"]
[BlackElo "2180"]
[PlyCount "71"]
[EventDate "2010.11.12"]
[EventType "swiss"]
[EventRounds "9"]
[EventCountry "CRO"]
[SourceTitle "EXT 2011"]
[Source "ChessBase"]
[SourceDate "2010.11.26"]
[SourceVersion "1"]
[SourceVersionDate "2010.11.26"]
[SourceQuality "1"]

1. c4 c6 2. g3 d5 3. Bg2 Nf6 4. Nf3 Bf5 5. cxd5 cxd5 6. Qb3 Qc8 7. 0-0 e6 8. d3 Bd6 9. Nc3 Nc6 10. Bg5 0-0 11. Rac1 Qd7 12. Nb5 Na5 13. Qa4 a6 14. Nc3 Qxa4 15. Nxa4 Nc6 16. Nc5 Bxc5 17. Rxc5 Nd7 18. Rcc1 e5 19. a3 a5 20. Rfe1 Be6 21. Bd2 f6 22. e3 a4 23. Red1 Rfc8 24. h3 b6 25. Ne1 Nc5 26. f4 Ra7 27. Bb4 Nb3 28. Rc2 exf4 29. gxf4 Rac7 30. Bd6 Rd7 31. Bb4 Rdd8 32. Bd2 Ne7 33. Bb4 Nc5 34. Bc3 Nf5 35. Bd2 Nd6 36. Bc3 1/2-1/2

[Event "Mediterranean op-A 4th"]
[Site "Rijeka"]
[Date "2010.11.13"]
[Round "1"]
[White "Flom, Gabriel"]
[Black "Butuc, Maria"]
[Result "1-0"]
[WhiteElo "2446"]
[BlackElo "2180"]
[PlyCount "99"]
[EventDate "2010.11.12"]
[EventType "swiss"]
[EventRounds "9"]
[EventCountry "CRO"]
[SourceTitle "EXT 2011"]
[Source "ChessBase"]
[SourceDate "2010.11.26"]
[SourceVersion "1"]
[SourceVersionDate "2010.11.26"]
[SourceQuality "1"]

1. d4 d5 2. c4 c6 3. Nc3 Nf6 4. e3 a6 5. Nf3 b5 6. c5 Bg4 7. h3 Bxf3 8. gxf3 Nbd7 9. f4 g6 10. Bg2 Bg7 11. 0-0 0-0 12. a3 Qc7 13. b4 a5 14. Rb1 e6 15. Bd2 Kh8 16. Qc2 a4 17. Ne2 Ng8 18. f3 Ne7 19. e4 f5 20. e5 Kg8 21. Kf2 Kf7 22. Rg1 Rg8 23. Bf1 Nc8 24. Nc3 Na7 25. Be3 Rgb8 26. Bd3 Bf8 27. h4 h5 28. Rxg6 Kxg6 29. Bxf5+ exf5 30. Rg1+ Kf7 31. Qxf5+ Ke8 32. Rg8 Kd8 33. Qe6 Qb7 34. Qd6 Kc8 35. Rxf8+ Nxf8 36. Qxf8+ Kc7 37. Qd6+ Kc8 38. f5 Qc7 39. e6 Kb7 40. Bf4 Qxd6 41. cxd6 Nc8 42. f6 Nb6 43. f7 Nd7 44. exd7 c5 45. dxc5 Kc6 46. Ne2 Kxd7 47. Nd4 Ra6 48. c6+ Rxc6 49. Nxc6 Kxc6 50. Bh6 1-0

[Event "Mediterranean op-A 4th"]
[Site "Rijeka"]
[Date "2010.11.12"]
[Round "3"]
[White "Loncar, Robert"]
[Black "Butuc, Maria"]
[Result "1-0"]
[WhiteElo "2404"]
[BlackElo "2180"]
[PlyCount "55"]
[EventDate "2010.11.12"]
[EventType "swiss"]
[EventRounds "9"]
[EventCountry "CRO"]
[SourceTitle "EXT 2011"]
[Source "ChessBase"]
[SourceDate "2010.11.26"]
[SourceVersion "1"]
[SourceVersionDate "2010.11.26"]
[SourceQuality "1"]

1. e4 c6 2. Nf3 d5 3. exd5 cxd5 4. Ne5 Nf6 5. d4 g6 6. c3 Bg7 7. Bd3 0-0 8. 0-0 Be6 9. h3 Qc8 10. Re1 Nc6 11. Bf4 Nxe5 12. Bxe5 Bf5 13. Bf1 Qd7 14. a4 a6 15. Nd2 Ne4 16. Nb3 Bxe5 17. dxe5 Rac8 18. Nd4 Be6 19. Bd3 Nc5 20. Bc2 Qc7 21. Qd2 Bd7 22. Qh6 Ne6 23. Rad1 Qb6 24. Nf5 Rfe8 25. Rd4 Rc4 26. Rxc4 dxc4 27. Re4 gxf5 28. Rg4+ 1-0